| 000 | 00629nam a22001817a 4500 | ||
|---|---|---|---|
| 003 | OSt | ||
| 005 | 20140310183107.0 | ||
| 008 | 130305t xxu||||| |||| 00| 0 eng d | ||
| 020 | _a9718851046 | ||
| 050 |
_aDS 676.8.B66 _b.D479 1997 |
||
| 245 |
_aDetermining the truth : _bthe story of Andres Bonifacio (being critiques of and commentaries on Inventing a hero, the post-humous re-creation of Andres Bonifacio) / _cBernardita Reyes Churchill, editor |
||
| 260 |
_aManila : _bManila Studies Association, _c1997. |
||
| 300 |
_a100 p. : _c23 cm. |
||
| 526 | _c1210L-1700L | ||
| 562 | _e1 | ||
| 942 |
_2lcc _cBK _kFLIR |
||
| 999 |
_c18799 _d18799 |
||